000
00302nam a2200109Ia 4500
008
201224s9999 xx 000 0 und d
100
_a
Rao, T. V.
245
0
_a
Human Resources Development : Experiences, Interventions, Strategies
260
_a
New Delhi
_b
Sage Publications
300
_a
394
942
_c
BK
999
_c
8988
_d
8988